| 000 | 01046nam a2200253Ia 4500 | ||
|---|---|---|---|
| 008 | 0000001984 sp ad 0000000000spa00 | ||
| 090 | _aPSP00 C17p | ||
| 100 | 1 | _aCasariego Cordoba, Pedro | |
| 245 | 1 | 0 |
_aPablo Sause _b: Serie La figura, 1984 _c/ texto de Pedro Casariego Cordoba ; fotografías Rafa Ceballos |
| 300 |
_a32 p. _c/ 24 cm. |
||
| 500 | _aCon el patronazgo del maestro venezolano Jesús Rafael Soto (q.e.p.d.) | ||
| 505 | _aOBRAS : Doble amor Baño tormenta Familia El baño de Cascina La carga A la orilla del río Las edades Juego de baño Los bañistas Al agua! | ||
| 600 | 0 | 0 |
_aSAUSE, PABLO, 19581987/ _xTRABAJOS PICTORICOS |
| 650 | 1 | 4 | _aARTE CONTEMPORANEO ESPAÑOL |
| 650 | 1 | 4 | _aARTISTAS PLASTICOS ESPAÑOLES |
| 650 | 1 | 4 | _xCATALOGOS |
| 650 | 1 | 4 | _aEXPRESIONISMO (ARTE) |
| 650 | 1 | 4 | _aPINTORES ESPAÑOLES |
| 650 | 1 | 4 | _aPINTURA ACRILICA (ARTE) |
| 650 | 1 | 4 | _aPINTURA ESPAÑOLA |
| 650 | 1 | 4 | _aPINTURA FIGURATIVA |
| 700 | 1 | _aCeballos, Rafa | |
| 999 |
_c6202 _d6202 |
||
| 260 |
_aMadrid : Galería Nat Soldevilla _c1984 |
||